000 00468cam a2200145 4500500
005 20251012011447.0
041 _afre
042 _adc
100 1 0 _aRogé, Antoine
_eauthor
245 0 0 _aFrisée aux lardons du bon Jean-Jacques
260 _c2015.
500 _a17
786 0 _nPhilosophie magazine | 94 | 11 | 2015-11-01 | p. 68-69 | 1951-1787
856 4 1 _uhttps://shs.cairn.info/magazine-philosophie-magazine-2015-11-page-68?lang=fr&redirect-ssocas=7080
999 _c1523140
_d1523140